000 00995nas a2200325 4500
001 BR2014005487
003 BR-BrBNA
005 20231205124443.0
007 ta
008 230509b bl.|||p| |||| 00| 00por d
040 _aBR-BrBNA
_bpor
_cBiblioteca Nacional de Agricultura
041 _a(En)
072 _aL51
100 1 _aVargas Junior, F.M. de
100 1 _aSanchez, L.M.B.
100 1 _aWechsler, F.S.
100 1 _aBianchini, W.
100 1 _aOliveira, M.V.M. de
100 1 _aSchmidt, P.
245 1 _aInfluence of corn processing provided in the diet on the ruminal dynamics of dairy steer
650 _aNOVILHO LEITEIRO
650 _aDIETA
650 _aMILHO
650 _aPROCESSAMENTO
650 _aRUMINAÇÃO
773 0 _tRevista Brasileira de Zootecnia (Brazil)
_xISSN 1806-9290
_g(Feb 2011), v. 40(2) p. 433-440
_wBR2014005487
856 4 0 _uhttp://www.scielo.br/pdf/rbz/v40n2/27.pdf
909 _a202311
_bLúcia
_c55
_dLúcia Elande
942 _2AGRIS
_n0
_cANA
999 _c239166
_d239166